[Event "Wch Seniors (Women) 15th"]
[Site "Lignano Sabbiadoro"]
[Date "2005.10.03"]
[Round "5"]
[White "Shestoperova, Aleksandra S"]
[Black "Dekic, Biljana N"]
[Result "1-0"]
[WhiteElo "2167"]
[BlackElo "2134"]
[PlyCount "143"]
[EventDate "2005.09.28"]
[EventType "swiss"]
[EventRounds "9"]
[EventCountry "ITA"]
[SourceTitle "CBM 108 Extra"]
[Source "ChessBase"]
[SourceDate "2005.11.04"]
[SourceVersion "1"]
[SourceVersionDate "2005.11.04"]
[SourceQuality "1"]

1. d4 Nf6 2. Nf3 g6 3. c4 Bg7 4. Nc3 d6 5. Bg5 Nbd7 6. e3 0-0 7. Be2 c6 8. Qc2 Qc7 9. 0-0 Re8 10. Rad1 Nf8 11. d5 Bd7 12. Rc1 h6 13. Bh4 c5 14. Rfd1 N6h7 15. e4 g5 16. Bg3 h5 17. h4 g4 18. Nh2 Ng6 19. f3 Qc8 20. fxg4 hxg4 21. Rf1 Bd4+ 22. Kh1 Nf6 23. Rxf6 Bxf6 24. h5 Nf8 25. Rf1 Nh7 26. Qd1 Kh8 27. Nxg4 Bg5 28. e5 Bf5 29. Nf2 dxe5 30. Bxe5+ f6 31. Bh2 Bd7 32. Nfe4 Be3 33. d6 Bd4 34. dxe7 Rxe7 35. Nd6 Qg8 36. Bf3 Bc6 37. Nd5 Bxd5 38. Bxd5 Qg5 39. Nf7+ Rxf7 40. Bxf7 Qh4 41. Qe1 Qxe1 42. Rxe1 Bxb2 43. Rb1 Bd4 44. Rxb7 Ng5 45. Bd5 Re8 46. Rb8 Rxb8 47. Bxb8 a5 48. a4 f5 49. Ba7 Ne4 50. Bb6 Ng3+ 51. Kh2 Nxh5 52. Bxa5 Be5+ 53. Kg1 Nf4 54. Bb6 Bd4+ 55. Kf1 Nd3 56. a5 Nb4 57. Bb7 Nc2 58. Ke2 Nb4 59. a6 Nxa6 60. Bxa6 Kg7 61. Kf3 Kf6 62. Bc7 Bg1 63. Bc8 Kg5 64. Bf4+ Kf6 65. Be3 Bh2 66. Bxc5 Kg5 67. Be7+ Kg6 68. c5 Bg1 69. Kf4 Kf7 70. Bd6 Kf6 71. Bxf5 Bh2+ 72. Ke4 1-0

[Event "Wch Seniors (Women) 15th"]
[Site "Lignano Sabbiadoro"]
[Date "2005.10.02"]
[Round "4"]
[White "Dekic, Biljana N"]
[Black "Saunina, Ludmila"]
[Result "0-1"]
[WhiteElo "2134"]
[BlackElo "2279"]
[PlyCount "49"]
[EventDate "2005.09.28"]
[EventType "swiss"]
[EventRounds "9"]
[EventCountry "ITA"]
[SourceTitle "CBM 108 Extra"]
[Source "ChessBase"]
[SourceDate "2005.11.04"]
[SourceVersion "1"]
[SourceVersionDate "2005.11.04"]
[SourceQuality "1"]

1. e4 c5 2. Nf3 d6 3. d4 cxd4 4. Nxd4 Nf6 5. Nc3 Nc6 6. f3 e5 7. Nb3 Be7 8. Be3 0-0 9. Qd2 a5 10. Na4 Be6 11. Nb6 Rb8 12. Nxa5 d5 13. Nxd5 Bxd5 14. exd5 Nxd5 15. Nb3 Nxe3 16. Qxe3 Bg5 17. Qc5 Rc8 18. Bd3 Nd4 19. Qb4 Rxc2 20. 0-0 Be3+ 21. Kh1 Rxb2 22. Qc3 Nxb3 23. axb3 Bd4 24. Qc4 Qg5 25. g3 0-1

[Event "Olympiad Women-35"]
[Site "Bled"]
[Date "2002.10.31"]
[Round "6.2"]
[White "Dekic, Biljana N"]
[Black "Wilman, Carey"]
[Result "1-0"]
[WhiteElo "2130"]
[BlackElo "2044"]
[PlyCount "147"]
[EventDate "2002.10.26"]
[EventType "team-swiss"]
[EventRounds "14"]
[EventCountry "SLO"]
[SourceTitle "EXT 2003"]
[Source "ChessBase"]
[SourceDate "2002.11.25"]
[SourceVersion "1"]
[SourceVersionDate "2002.11.25"]
[SourceQuality "1"]
[WhiteTeam "Australia (W)"]
[BlackTeam "Scotland (W)"]
[WhiteTeamCountry "AUS"]
[BlackTeamCountry "SCO"]

1. e4 d6 2. d4 Nf6 3. Nc3 g6 4. f4 Bg7 5. Nf3 c5 6. dxc5 Qa5 7. Bd3 Qxc5 8. Qe2 Nc6 9. Be3 Qa5 10. 0-0 Bg4 11. a3 a6 12. h3 Bxf3 13. Qxf3 0-0 14. Ne2 Nd7 15. c3 Rac8 16. g4 Qc7 17. Rad1 Na5 18. Kg2 Nc4 19. Bxc4 Qxc4 20. e5 Nc5 21. Bxc5 Rxc5 22. exd6 exd6 23. Rxd6 Rb5 24. Rd2 Re8 25. Rf2 Qa2 26. Ng3 Qc4 27. Rfe2 Rxe2+ 28. Rxe2 Qc8 29. Qe4 f5 30. Qe8+ Qxe8 31. Rxe8+ Kf7 32. Re2 fxg4 33. hxg4 Bf8 34. Rd2 h5 35. Kf3 hxg4+ 36. Kxg4 Rb3 37. Ne4 Be7 38. Re2 Rb6 39. Ng3 Rc6 40. Nf1 b5 41. Nd2 Rf6 42. Ne4 Rb6 43. Nd2 Rf6 44. Re4 Bc5 45. Nf3 Rb6 46. Ne5+ Kg7 47. b4 Bd6 48. Nf3 Bf8 49. Rd4 Rb7 50. Ne5 Be7 51. Rd3 Rc7 52. Nd7 Rc4 53. Nb6 Rc6 54. Nd5 Bd8 55. Kf3 a5 56. Ke3 axb4 57. axb4 Bh4 58. Kd2 Kf7 59. Kc2 g5 60. fxg5 Bxg5 61. Kb3 Ke6 62. Ne3 Bf6 63. Nc2 Rd6 64. Rh3 Rc6 65. Na3 Rb6 66. Rh5 Be5 67. c4 bxc4+ 68. Nxc4 Rb5 69. Ka4 Rd5 70. Rxe5+ Rxe5 71. Nxe5 Kxe5 72. Kb5 Kd6 73. Kb6 Kd7 74. Kb7 1-0

[Event "Olympiad Women-34"]
[Site "Istanbul"]
[Date "2000.11.10"]
[Round "13.2"]
[White "Sultana, Zakia"]
[Black "Dekic, Biljana N"]
[Result "1/2-1/2"]
[WhiteElo "2044"]
[BlackElo "2104"]
[PlyCount "115"]
[EventDate "2000.10.28"]
[EventType "team-swiss"]
[EventRounds "14"]
[EventCountry "TUR"]
[SourceTitle "EXT 2001"]
[Source "ChessBase"]
[SourceDate "2000.11.22"]
[SourceVersion "1"]
[SourceVersionDate "2000.11.22"]
[SourceQuality "1"]
[WhiteTeam "Bangladesh (W)"]
[BlackTeam "Australia (W)"]
[WhiteTeamCountry "BAN"]
[BlackTeamCountry "AUS"]

1. d4 Nf6 2. e3 e6 3. Nf3 b6 4. Bd3 Bb7 5. Nbd2 Be7 6. b3 d6 7. Bb2 Nbd7 8. 0-0 Nf8 9. e4 Ng6 10. Re1 0-0 11. c4 e5 12. Qc2 Nd7 13. Rad1 Qc8 14. Bf1 c5 15. dxe5 Ndxe5 16. Nxe5 dxe5 17. Nf3 Qc7 18. Rd2 Rad8 19. Red1 Rxd2 20. Rxd2 Rd8 21. Rxd8+ Bxd8 22. g3 Qd6 23. Qd3 Bc7 24. Qxd6 Bxd6 25. Nd2 Kf8 26. f3 Ne7 27. Kf2 Nc6 28. Bd3 g6 29. Nf1 Ke7 30. Ne3 Ke6 31. Nd5 Nb4 32. Nxb4 cxb4 33. Bc1 Bc5+ 34. Be3 Kd6 35. Ke2 f6 36. Bd2 a5 37. g4 g5 38. Be3 Bxe3 39. Kxe3 Kc5 40. Be2 Bc6 41. Bd3 Be8 42. Bc2 h6 43. Bd1 Bf7 44. Bc2 Be8 45. Bd1 a4 46. Bc2 b5 47. cxb5 axb3 48. axb3 Bxb5 49. Bd3 Be8 50. Bc2 Bf7 51. Bd1 h5 52. Bc2 hxg4 53. fxg4 Bg8 54. Bd1 Be6 55. Kd3 Bd7 56. Ke3 Bb5 57. Bc2 Bd7 58. Bd1 1/2-1/2

[Event "Olympiad Women-34"]
[Site "Istanbul"]
[Date "2000.11.09"]
[Round "12.3"]
[White "Ptacnikova, Lenka"]
[Black "Dekic, Biljana N"]
[Result "0-1"]
[WhiteElo "2232"]
[BlackElo "2104"]
[PlyCount "104"]
[EventDate "2000.10.28"]
[EventType "team-swiss"]
[EventRounds "14"]
[EventCountry "TUR"]
[SourceTitle "EXT 2001"]
[Source "ChessBase"]
[SourceDate "2000.11.22"]
[SourceVersion "1"]
[SourceVersionDate "2000.11.22"]
[SourceQuality "1"]
[WhiteTeam "Czech Republic (W)"]
[BlackTeam "Australia (W)"]
[WhiteTeamCountry "CZE"]
[BlackTeamCountry "AUS"]

1. e4 c5 2. Nf3 d6 3. d4 cxd4 4. Nxd4 Nf6 5. Nc3 a6 6. Be2 e6 7. 0-0 Qc7 8. f4 Be7 9. a4 Nc6 10. Be3 Bd7 11. Bf3 Rc8 12. Kh1 Na5 13. Nde2 Nc4 14. Bc1 Qb6 15. Qd3 h5 16. b3 Na5 17. Be3 Qc7 18. Bg1 Nc6 19. Rad1 Nb4 20. Qd2 Bc6 21. f5 e5 22. Be3 Ng4 23. Bxg4 hxg4 24. Nd5 Nxd5 25. exd5 Bd7 26. c4 Bh4 27. g3 Bf6 28. Rc1 b6 29. Nc3 Rh5 30. Qd3 Ke7 31. Rf2 Rch8 32. Qe4 Qc8 33. Rcf1 Qg8 34. Kg1 Qh7 35. Qg2 Bxf5 36. Bxb6 Bd3 37. Re1 Qg6 38. a5 Bg5 39. c5 Rxh2 40. Rxe5+ Kf8 41. Qxh2 Rxh2 42. Rxh2 dxe5 43. Rh8+ Ke7 44. Bd8+ Kd7 45. c6+ Kd6 46. c7 Be3+ 47. Kh2 Qf5 48. Nd1 Bg1+ 49. Kxg1 Qf1+ 50. Kh2 Be4 51. Be7+ Kxe7 52. Re8+ Kf6 0-1